[Event "Vecindario Montalvo Memorial 16th"]
[Site "Vecindario"]
[Date "2024.03.24"]
[Round "2"]
[White "Grube, Kurt Heinz"]
[Black "Morell Rojas, Samuel"]
[Result "1-0"]
[WhiteElo "1773"]
[BlackElo "1590"]
[PlyCount "67"]
[EventDate "2024.03.23"]
[EventType "swiss"]
[EventRounds "9"]
[EventCountry "ESP"]
[SourceTitle "CB15_2024"]
[SourceDate "2024.04.10"]
[SourceVersion "1"]
[SourceVersionDate "2024.04.10"]
[SourceQuality "1"]

1. Nf3 Nf6 2. c4 Nc6 3. Nc3 g6 4. d4 e6 5. Bg5 Bg7 6. e4 d6 7. Be2 0-0 8. Qd2 Bd7 9. e5 h6 10. Bxf6 Bxf6 11. exf6 Qxf6 12. Qxh6 Nxd4 13. Nxd4 Qxd4 14. Rd1 Qg7 15. Qxg7+ Kxg7 16. Bf3 Rab8 17. 0-0 Rh8 18. Rfe1 g5 19. Ne4 g4 20. Be2 f5 21. Nc5 Bc6 22. Nxe6+ Kf6 23. Nd4 Bd7 24. f3 c5 25. Nb5 Kg5 26. fxg4 fxg4 27. Nxd6 Rh7 28. Bd3 Rh4 29. g3 Rh3 30. Bf1 Rh7 31. Ne4+ Kg6 32. Rd6+ Kf5 33. Nxc5 Bc6 34. Bd3+ 1-0

[Event "Vecindario Montalvo Memorial 15th"]
[Site "Vecindario"]
[Date "2023.04.03"]
[Round "3"]
[White "Grube, Kurt Heinz"]
[Black "Trocoli Romero, Isabel Yang"]
[Result "1-0"]
[WhiteElo "1624"]
[BlackElo "1008"]
[PlyCount "55"]
[EventDate "2023.04.02"]
[EventType "swiss"]
[EventRounds "9"]
[EventCountry "ESP"]
[SourceTitle "CBM 213 Extra"]
[Source "ChessBase"]
[SourceDate "2023.05.31"]
[SourceVersion "1"]
[SourceVersionDate "2023.05.31"]
[SourceQuality "1"]

1. Nf3 d5 2. d4 Nf6 3. c4 e6 4. Nc3 Bb4 5. cxd5 Nxd5 6. Bd2 Bxc3 7. bxc3 0-0 8. e4 Ne7 9. Bc4 Nbc6 10. 0-0 b6 11. Re1 Bb7 12. Bf4 Ng6 13. Bg3 f5 14. Bxe6+ Kh8 15. exf5 Nge7 16. Bh4 Qd6 17. Bg3 Qd8 18. d5 Na5 19. Bh4 Qe8 20. Qd4 c5 21. Qg4 Bc8 22. Bxe7 Qxe7 23. Bxc8 Qf6 24. Be6 Rae8 25. Ne5 Re7 26. Ng6+ hxg6 27. Qh3+ Qh4 28. Qxh4# 1-0

[Event "Vecindario Montalvo Memorial 15th"]
[Site "Vecindario"]
[Date "2023.04.02"]
[Round "2"]
[White "Vargas Tinoco, Martin Alonso"]
[Black "Grube, Kurt Heinz"]
[Result "1-0"]
[WhiteElo "1422"]
[BlackElo "1624"]
[PlyCount "67"]
[EventDate "2023.04.02"]
[EventType "swiss"]
[EventRounds "9"]
[EventCountry "ESP"]
[SourceTitle "CBM 213 Extra"]
[Source "ChessBase"]
[SourceDate "2023.05.31"]
[SourceVersion "1"]
[SourceVersionDate "2023.05.31"]
[SourceQuality "1"]

1. d4 Nf6 2. c4 d5 3. Nc3 e6 4. Nf3 c5 5. Bg5 cxd4 6. Nxd4 dxc4 7. e4 Be7 8. e5 Nd5 9. Bxe7 Qxe7 10. Bxc4 Nxc3 11. bxc3 Nd7 12. Qg4 0-0 13. f4 Nc5 14. 0-0 Ne4 15. Nb3 Nxc3 16. Qh3 Nd5 17. Bd3 g6 18. Qh6 Rd8 19. Rf3 Qf8 20. Qh4 Bd7 21. Rh3 Qg7 22. Nc5 h5 23. Nxb7 Rdc8 24. Nd6 Rc6 25. Rf1 Rb6 26. g4 hxg4 27. Qxg4 Rxd6 28. exd6 Qd4+ 29. Rf2 Ne3 30. Qf3 Qxd3 31. Qxe3 Qxd6 32. Rd2 Qc6 33. Qd4 e5 34. Qxd7 1-0

[Event "Vecindario Montalvo Memorial 14th"]
[Site "Vecindario"]
[Date "2022.09.11"]
[Round "9"]
[White "Grube, Kurt Heinz"]
[Black "Julien Casteleiro, Ariel"]
[Result "0-1"]
[WhiteElo "1689"]
[BlackElo "1577"]
[PlyCount "70"]
[EventDate "2022.09.04"]
[EventType "swiss"]
[EventRounds "9"]
[EventCountry "ESP"]
[SourceTitle "CBM 210 Extra"]
[Source "ChessBase"]
[SourceDate "2022.11.30"]
[SourceVersion "1"]
[SourceVersionDate "2022.11.30"]
[SourceQuality "1"]

1. c4 c6 2. Nc3 Nf6 3. Nf3 d6 4. d4 Bf5 5. e3 e6 6. Be2 Be7 7. 0-0 Na6 8. a3 h6 9. Bd3 Bg4 10. Be2 Qa5 11. Bd2 Qd8 12. e4 0-0 13. Be3 Nc7 14. Nd2 Bxe2 15. Qxe2 e5 16. Nf3 Nd7 17. Rad1 f6 18. Nh4 Qe8 19. Qg4 g5 20. Nf5 Kh7 21. Qh3 h5 22. Nxe7 Qxe7 23. Qxh5+ Kg7 24. Qg4 Qe6 25. f3 Rh8 26. b4 Rh4 27. Qg3 Rah8 28. d5 Qf7 29. h3 Nb6 30. c5 Nc4 31. Bc1 cxd5 32. exd5 Qg6 33. Ne4 Nb5 34. a4 Nd4 35. cxd6 Ne2+ 0-1

[Event "Gran Canaria-ch Seniors 50"]
[Site "Gran Canaria"]
[Date "2020.02.14"]
[Round "4"]
[White "Grube, Kurt Heinz"]
[Black "Sanchez Quintero, Raul"]
[Result "0-1"]
[WhiteElo "1660"]
[BlackElo "1890"]
[PlyCount "84"]
[EventDate "2020.02.04"]
[EventType "swiss"]
[EventRounds "7"]
[EventCountry "ESP"]
[SourceTitle "CBM 195 Extra"]
[Source "ChessBase"]
[SourceDate "2020.05.31"]
[SourceVersion "1"]
[SourceVersionDate "2020.05.31"]
[SourceQuality "1"]

1. Nf3 f5 2. c4 Nf6 3. Nc3 e6 4. d4 Bb4 5. a3 Bxc3+ 6. bxc3 c5 7. e3 Qa5 8. Bb2 0-0 9. Bd3 d6 10. 0-0 Kh8 11. Re1 Nc6 12. Qc2 e5 13. Bxf5 Bxf5 14. Qxf5 e4 15. Ng5 cxd4 16. Qxa5 Nxa5 17. cxd4 Nxc4 18. Bc3 h6 19. Ne6 Rf7 20. Nf4 g5 21. Ne2 Nd5 22. Rec1 Raf8 23. Ng3 Re8 24. Bb4 b5 25. Rab1 Ndb6 26. Ra1 a5 27. Bc3 d5 28. Rc2 Na4 29. Be1 Kh7 30. Nh5 Kg6 31. Ng3 h5 32. Ne2 Ref8 33. Nc3 Nxe3 34. Re2 Nxc3 35. Bxc3 Nf5 36. Rb1 Rc8 37. Bxa5 Nxd4 38. Reb2 Rb7 39. a4 Ra8 40. Bc3 Rxa4 41. Rb4 Rxb4 42. Rxb4 Ne2+ 0-1

[Event "Gran Canaria-ch Seniors 50"]
[Site "Gran Canaria"]
[Date "2020.02.11"]
[Round "3"]
[White "Grube, Kurt Heinz"]
[Black "Santana Chacopino, Carlos"]
[Result "1-0"]
[WhiteElo "1660"]
[BlackElo "1368"]
[PlyCount "119"]
[EventDate "2020.02.04"]
[EventType "swiss"]
[EventRounds "7"]
[EventCountry "ESP"]
[SourceTitle "CBM 195 Extra"]
[Source "ChessBase"]
[SourceDate "2020.05.31"]
[SourceVersion "1"]
[SourceVersionDate "2020.05.31"]
[SourceQuality "1"]

1. c4 Nf6 2. Nf3 d6 3. d4 g6 4. g3 Bg7 5. Bg2 0-0 6. Nc3 c6 7. 0-0 Bg4 8. Qb3 Qb6 9. Be3 Na6 10. Qxb6 axb6 11. Rac1 Nc7 12. h3 Bf5 13. Rfd1 Ne4 14. Nxe4 Bxe4 15. Ra1 Ra4 16. b3 Ra3 17. Bc1 Ra7 18. Rd2 b5 19. Nh4 Bxg2 20. Nxg2 bxc4 21. bxc4 Rfa8 22. a3 c5 23. e3 Ne6 24. Rb1 cxd4 25. Bb2 dxe3 26. Nxe3 Nc5 27. Bxg7 Kxg7 28. Nd5 Kf8 29. Re2 Ne6 30. Nb6 Rd8 31. a4 Nc5 32. Ra1 e6 33. Rc2 Ra5 34. Rb2 d5 35. Rb5 Rxb5 36. cxb5 d4 37. Kf1 d3 38. Nc4 Rd4 39. Nb2 f5 40. Rd1 e5 41. a5 e4 42. Rc1 Nb3 43. Rc8+ Ke7 44. a6 bxa6 45. bxa6 Rd7 46. Ra8 g5 47. a7 Kd6 48. Nc4+ Kc7 49. Rc8+ Kxc8 50. a8Q+ Kc7 51. Qa7+ Kd8 52. Qb6+ Ke8 53. Qxb3 d2 54. Nxd2 Rxd2 55. Qg8+ Ke7 56. Qxh7+ Ke6 57. Qg6+ Ke5 58. Qxg5 Rd1+ 59. Ke2 Rb1 60. Qg7+ 1-0

[Event "Gran Canaria-ch Seniors 50"]
[Site "Gran Canaria"]
[Date "2020.02.07"]
[Round "2"]
[White "Bozinovic, Boban"]
[Black "Grube, Kurt Heinz"]
[Result "1-0"]
[WhiteElo "1939"]
[BlackElo "1660"]
[PlyCount "95"]
[EventDate "2020.02.04"]
[EventType "swiss"]
[EventRounds "7"]
[EventCountry "ESP"]
[SourceTitle "CBM 195 Extra"]
[Source "ChessBase"]
[SourceDate "2020.05.31"]
[SourceVersion "1"]
[SourceVersionDate "2020.05.31"]
[SourceQuality "1"]

1. e4 c5 2. Nf3 Nc6 3. d4 cxd4 4. Nxd4 e6 5. Nb5 d6 6. Bf4 e5 7. Be3 Nf6 8. Bg5 Be6 9. N1c3 a6 10. Bxf6 gxf6 11. Na3 f5 12. exf5 Bxf5 13. Bd3 Be6 14. Be4 h5 15. 0-0 Rb8 16. Nd5 f5 17. Bf3 Bf7 18. Re1 e4 19. g3 Ne5 20. Bg2 h4 21. c3 b5 22. f4 exf3 23. Qxf3 Be6 24. Qf2 hxg3 25. hxg3 Bxd5 26. Bxd5 Qb6 27. Qd4 Kd7 28. Qxb6 Rxb6 29. Kg2 Bg7 30. Rh1 Rh6 31. Rxh6 Bxh6 32. Rh1 Bf8 33. Nc2 a5 34. Nd4 Ng4 35. Rh7+ Be7 36. Nxf5 Nf6 37. Rxe7+ Kd8 38. Bf3 d5 39. Re2 b4 40. cxb4 Rxb4 41. Rd2 Kc7 42. b3 a4 43. Bxd5 Nxd5 44. Rxd5 axb3 45. axb3 Rxb3 46. Kh3 Rb1 47. Kh4 Kc6 48. Rd2 1-0

[Event "Gran Canaria Santana Memorial 7th"]
[Site "Gran Canaria"]
[Date "2019.11.19"]
[Round "5"]
[White "Donate Villalba, Juan Francisco"]
[Black "Grube, Kurt Heinz"]
[Result "1-0"]
[WhiteElo "2079"]
[BlackElo "1633"]
[PlyCount "59"]
[EventDate "2019.11.05"]
[EventType "swiss"]
[EventRounds "7"]
[EventCountry "ESP"]
[SourceTitle "CBM 193 Extra"]
[Source "ChessBase"]
[SourceDate "2020.01.31"]
[SourceVersion "1"]
[SourceVersionDate "2020.01.31"]
[SourceQuality "1"]

1. e4 c5 2. Nc3 Nc6 3. Bb5 d6 4. Bxc6+ bxc6 5. d3 e6 6. f4 Nf6 7. Nf3 Be7 8. 0-0 0-0 9. e5 Nd5 10. Ne4 f6 11. b3 a5 12. a4 Qc7 13. Re1 Bd7 14. Qd2 h6 15. Bb2 fxe5 16. fxe5 Rf5 17. exd6 Bxd6 18. Nxd6 Qxd6 19. Be5 Qe7 20. Re2 Raf8 21. Qxa5 Nf4 22. Bxf4 Rxf4 23. Rae1 Qd6 24. Qc3 R8f6 25. a5 Bc8 26. Re4 Ba6 27. Qe5 Qxe5 28. Rxe5 Bc8 29. Rxc5 Kh7 30. Rxc6 1-0

[Event "GER-ch Seniors 65 31st"]
[Site "Radebeul"]
[Date "2019.04.30"]
[Round "5"]
[White "Bondick, Karl Heinz"]
[Black "Grube, Kurt Heinz"]
[Result "0-1"]
[WhiteElo "1948"]
[BlackElo "1594"]
[PlyCount "120"]
[EventDate "2019.04.26"]
[EventType "swiss"]
[EventRounds "9"]
[EventCountry "GER"]
[SourceTitle "CBM 190 Extra"]
[Source "ChessBase"]
[SourceDate "2019.07.15"]
[SourceVersion "1"]
[SourceVersionDate "2019.07.15"]
[SourceQuality "1"]

1. d4 Nf6 2. f3 d5 3. e4 dxe4 4. Nc3 exf3 5. Nxf3 e6 6. Bg5 Be7 7. Bd3 Nbd7 8. Qe2 h6 9. Bd2 c6 10. Ne5 Nxe5 11. dxe5 Nd5 12. Ne4 Qc7 13. 0-0-0 Qxe5 14. Rhf1 Bd7 15. c4 Nb4 16. Bb1 Qc7 17. a3 Na6 18. Bc3 Rg8 19. g4 Nc5 20. Nxc5 Bxc5 21. Be5 Qb6 22. b4 Be7 23. c5 Qa6 24. Rd3 Qc4+ 25. Kb2 Qb5 26. Rfd1 Bxc5 27. Qd2 Bxb4 28. Qxb4 Qxe5+ 29. Ka2 0-0-0 30. Qd2 Qc7 31. Qf2 Qb6 32. Qxf7 Rgf8 33. Qxg7 Rf2+ 34. Ka1 Qc5 35. Rc3 Qb5 36. Rcd3 e5 37. R3d2 Rxd2 38. Rxd2 Qc5 39. Kb2 Qb6+ 40. Kc1 Qg1+ 41. Kb2 Qxg4 42. Qxe5 Qg5 43. Qc3 Re8 44. Bd3 Qe5 45. Rg2 b5 46. h4 a5 47. Kc2 Qxc3+ 48. Kxc3 Re3 49. Kd2 Rh3 50. Rg8+ Kc7 51. Rg7 Rxh4 52. Ke3 Rh5 53. Kf4 Kd6 54. Rh7 a4 55. Rg7 Rh4+ 56. Ke3 Rh3+ 57. Kd2 h5 58. Rg6+ Ke5 59. Rg1 Kd4 60. Bf1 Rxa3 0-1

[Event "GER-ch Seniors 65 31st"]
[Site "Radebeul"]
[Date "2019.04.26"]
[Round "1"]
[White "Staub, Gerhard"]
[Black "Grube, Kurt Heinz"]
[Result "1-0"]
[WhiteElo "2010"]
[BlackElo "1594"]
[PlyCount "79"]
[EventDate "2019.04.26"]
[EventType "swiss"]
[EventRounds "9"]
[EventCountry "GER"]
[SourceTitle "CBM 190 Extra"]
[Source "ChessBase"]
[SourceDate "2019.07.15"]
[SourceVersion "1"]
[SourceVersionDate "2019.07.15"]
[SourceQuality "1"]

1. e4 e5 2. Nf3 Nc6 3. Bb5 a6 4. Bxc6 dxc6 5. Nc3 Bd6 6. d4 Bg4 7. dxe5 Bxf3 8. Qxf3 Bxe5 9. Bf4 Qf6 10. Bxe5 Qxe5 11. Qe3 Nf6 12. 0-0-0 0-0 13. h3 b5 14. f3 a5 15. Ne2 c5 16. g4 c6 17. g5 Nd5 18. Qxc5 Qe8 19. Nd4 Ne7 20. Rd3 Rc8 21. Rhd1 b4 22. h4 Ng6 23. Nf5 Qe5 24. Qxe5 Nxe5 25. Ne7+ Kh8 26. Nxc8 Nxd3+ 27. Rxd3 Rxc8 28. Rd7 Kg8 29. Ra7 Kf8 30. Rxa5 Ke7 31. Ra7+ Ke6 32. a4 h5 33. a5 c5 34. a6 Rc6 35. Kd2 c4 36. Ke3 g6 37. f4 Rd6 38. Ra8 Ke7 39. a7 Ra6 40. f5 1-0

[Event "Gran Canaria Santana Memorial 6th"]
[Site "Gran Canaria"]
[Date "2018.12.04"]
[Round "7.9"]
[White "Grube, Kurt Heinz"]
[Black "Armenteros Peral, Javier"]
[Result "0-1"]
[WhiteElo "1660"]
[BlackElo "1990"]
[PlyCount "92"]
[EventDate "2018.11.16"]
[EventType "swiss"]
[EventRounds "7"]
[EventCountry "ESP"]
[SourceTitle "EXT 2024"]
[Source "ChessBase"]
[SourceDate "2023.10.10"]
[SourceVersion "1"]
[SourceVersionDate "2023.10.10"]
[SourceQuality "1"]

1. Nf3 d5 2. d4 Nf6 3. c4 e6 4. Nc3 Be7 5. e3 0-0 6. Be2 dxc4 7. Bxc4 Nbd7 8. 0-0 a6 9. a3 b5 10. Ba2 c5 11. d5 exd5 12. Nxd5 Bb7 13. Nxe7+ Qxe7 14. Bd2 Ne5 15. Nxe5 Qxe5 16. Bc3 Qe4 17. Qf3 Qxf3 18. gxf3 Bxf3 19. h3 Rfd8 20. Kh2 Ne4 21. Ba5 Rd6 22. Bb1 Nd2 23. Rg1 Nb3 24. Bc3 Nxa1 25. Rxg7+ Kf8 26. Bxh7 Ke7 27. b4 Rd1 28. bxc5 Rh1+ 29. Kg3 Bc6 30. Kh4 Nb3 31. f4 Rh8 32. Rxf7+ Kxf7 33. Bxh8 Nxc5 34. Bd4 Ne4 35. Bf5 Rg1 36. Bb6 Ra1 37. Bxe4 Bxe4 38. Bc5 Rg1 39. Kh5 Kg7 40. Bd4+ Kh7 41. Bf6 a5 42. Bc3 a4 43. Bb4 Rb1 44. Bc5 Rc1 45. Bb4 Rc4 46. Bd2 b4 0-1

[Event "Gran Canaria Santana Memorial 6th"]
[Site "Gran Canaria"]
[Date "2018.12.03"]
[Round "6.16"]
[White "Gamia Sunday, Cristobal"]
[Black "Grube, Kurt Heinz"]
[Result "0-1"]
[WhiteElo "1473"]
[BlackElo "1660"]
[PlyCount "50"]
[EventDate "2018.11.16"]
[EventType "swiss"]
[EventRounds "7"]
[EventCountry "ESP"]
[SourceTitle "EXT 2024"]
[Source "ChessBase"]
[SourceDate "2023.10.10"]
[SourceVersion "1"]
[SourceVersionDate "2023.10.10"]
[SourceQuality "1"]

1. d4 Nf6 2. c4 c6 3. Nc3 d5 4. Bg5 e6 5. e3 Be7 6. Bd3 dxc4 7. Bxc4 Nbd7 8. Nf3 0-0 9. 0-0 Nb6 10. Bd3 h6 11. Bh4 Nbd5 12. Ne4 Nxe4 13. Bxe7 Qxe7 14. Bxe4 Nf6 15. Bc2 c5 16. Rc1 cxd4 17. Qxd4 Rd8 18. Qh4 e5 19. Bb3 Be6 20. Rc3 Rac8 21. Rxc8 Rxc8 22. Bxe6 Qxe6 23. b3 Nd7 24. Rd1 Qd6 25. Qd8+ Kh7 0-1

[Event "Gran Canaria Santana Memorial 6th"]
[Site "Gran Canaria"]
[Date "2018.11.30"]
[Round "5.10"]
[White "Grube, Kurt Heinz"]
[Black "Macias Reyes, Jose Luis"]
[Result "0-1"]
[WhiteElo "1660"]
[BlackElo "1583"]
[PlyCount "80"]
[EventDate "2018.11.16"]
[EventType "swiss"]
[EventRounds "7"]
[EventCountry "ESP"]
[SourceTitle "EXT 2024"]
[Source "ChessBase"]
[SourceDate "2023.10.10"]
[SourceVersion "1"]
[SourceVersionDate "2023.10.10"]
[SourceQuality "1"]

1. Nf3 Nf6 2. c4 d5 3. d4 g6 4. Nc3 Bg7 5. e3 0-0 6. Be2 dxc4 7. Bxc4 c5 8. 0-0 Bg4 9. Be2 cxd4 10. Nxd4 Bxe2 11. Qxe2 e5 12. Ndb5 a6 13. Rd1 Qb6 14. Nd6 Nc6 15. Nde4 Nxe4 16. Nxe4 f5 17. Qc4+ Kh8 18. Ng5 Nd8 19. b3 e4 20. Rb1 h6 21. Nh3 Ne6 22. Ba3 Rac8 23. Bxf8 Rxc4 24. Bxg7+ Kxg7 25. bxc4 Qc7 26. Rdc1 g5 27. g3 Nc5 28. Rc3 Qa5 29. Rc2 Qa4 30. Rbb2 Kg6 31. Kg2 Kh5 32. Ng1 Nd3 33. Rd2 Nxb2 34. Rxb2 Qxc4 35. Rxb7 Qxa2 36. Rb6 a5 37. h4 a4 38. Nh3 a3 39. hxg5 hxg5 40. Rf6 Qd5 0-1

[Event "Gran Canaria Santana Memorial 6th"]
[Site "Gran Canaria"]
[Date "2018.11.16"]
[Round "1.16"]
[White "Grube, Kurt Heinz"]
[Black "Arutyunyan, Mikael"]
[Result "1/2-1/2"]
[WhiteElo "1660"]
[BlackElo "1193"]
[PlyCount "96"]
[EventDate "2018.11.16"]
[EventType "swiss"]
[EventRounds "7"]
[EventCountry "ESP"]
[SourceTitle "EXT 2024"]
[Source "ChessBase"]
[SourceDate "2023.10.10"]
[SourceVersion "1"]
[SourceVersionDate "2023.10.10"]
[SourceQuality "1"]

1. Nf3 Nc6 2. d4 d5 3. Bf4 Nf6 4. Ne5 Bd7 5. e3 e6 6. Bb5 Nxe5 7. dxe5 Bxb5 8. exf6 Qxf6 9. Qd4 Qxd4 10. exd4 0-0-0 11. a4 Ba6 12. c3 Bd6 13. Bxd6 Rxd6 14. b4 Bd3 15. Na3 a6 16. Kd2 Bg6 17. Rhe1 Re8 18. f4 Be4 19. c4 Rg8 20. c5 Rdd8 21. g3 f6 22. b5 a5 23. Nb1 b6 24. Nc3 Bf5 25. c6 Rde8 26. Re3 h6 27. Rae1 g5 28. Nxd5 Rgf8 29. Nc3 Rd8 30. Ne2 Rfe8 31. Kc3 Rd6 32. Ng1 Red8 33. Rd1 Rd5 34. Rd2 Rg8 35. fxg5 hxg5 36. h3 Rh8 37. g4 Bg6 38. Rxe6 Rf8 39. Rf2 Rd6 40. Rxd6 cxd6 41. Rf3 f5 42. gxf5 Rxf5 43. Rg3 Bh5 44. Kc4 Bd1 45. Ra3 Rf1 46. Rg3 Rf5 47. Ra3 Rf1 48. Rg3 Rf5 1/2-1/2

[Event "Las Palmas Insular-chT Segunda 1718"]
[Site "Las Palmas"]
[Date "2018.02.03"]
[Round "7.4"]
[White "Grube, Kurt Heinz"]
[Black "De Leon Navarro, Claudio"]
[Result "1/2-1/2"]
[WhiteElo "1660"]
[BlackElo "1787"]
[PlyCount "86"]
[EventDate "2017.10.28"]
[EventType "team-swiss"]
[EventRounds "9"]
[EventCountry "ESP"]
[SourceTitle "EXT 2021"]
[Source "ChessBase"]
[SourceDate "2020.10.23"]
[SourceVersion "1"]
[SourceVersionDate "2020.10.23"]
[SourceQuality "1"]
[WhiteTeam "Anand II"]
[BlackTeam "Hotel Avda de Canarias III"]
[WhiteTeamCountry "ESP"]
[BlackTeamCountry "ESP"]

1. c4 e5 2. Nc3 Nc6 3. Nf3 Bb4 4. g3 Bxc3 5. bxc3 f5 6. d3 Nf6 7. Bg2 0-0 8. 0-0 d6 9. Rb1 Qe8 10. e4 fxe4 11. dxe4 b6 12. Bg5 Be6 13. Nd2 Na5 14. Qe2 Qa4 15. Rb2 Bxc4 16. Nxc4 Qxc4 17. Re1 h6 18. Bc1 Qe6 19. f4 Nd7 20. f5 Qe7 21. g4 Qh4 22. Be3 Kf7 23. Bf2 Qf6 24. Rf1 Ke8 25. Be3 Qh4 26. Bf2 Qe7 27. Qb5 Kd8 28. Qe2 Rg8 29. Qe1 Kc8 30. Qe2 g5 31. Qa6+ Kd8 32. Qe2 Nf6 33. Rd1 Ke8 34. Rbd2 Kf7 35. Bf3 Qd7 36. c4 Nb7 37. Rc1 Nc5 38. Re1 Qc6 39. h3 Ke7 40. Kh2 Rh8 41. Kg2 Rhg8 42. Kh2 Qe8 43. Rb2 Qc6 1/2-1/2

[Event "Las Palmas Insular-chT Segunda 1718"]
[Site "Las Palmas"]
[Date "2018.01.13"]
[Round "5.2"]
[White "Kleine, Peter"]
[Black "Grube, Kurt Heinz"]
[Result "1/2-1/2"]
[WhiteElo "1611"]
[BlackElo "1668"]
[PlyCount "121"]
[EventDate "2017.10.28"]
[EventType "team-swiss"]
[EventRounds "9"]
[EventCountry "ESP"]
[SourceTitle "EXT 2019"]
[Source "ChessBase"]
[SourceDate "2018.10.10"]
[SourceVersion "1"]
[SourceVersionDate "2018.10.10"]
[SourceQuality "1"]
[WhiteTeam "Tres W II"]
[BlackTeam "Anand III"]
[WhiteTeamCountry "ESP"]
[BlackTeamCountry "ESP"]

1. d4 Nf6 2. c4 c6 3. Nc3 e6 4. a3 d5 5. e3 Be7 6. Nf3 0-0 7. Bd3 Qc7 8. c5 b6 9. b4 a5 10. Bb2 b5 11. 0-0 Nbd7 12. e4 dxe4 13. Nxe4 Nxe4 14. Bxe4 Nf6 15. Qc2 h6 16. Ne5 Nd5 17. Bc3 a4 18. Bd2 Bb7 19. Qd3 f5 20. Qh3 Bf6 21. Bxd5 cxd5 22. Rae1 Ra6 23. Bf4 g5 24. Bg3 f4 25. Ng6 Rf7 26. Rxe6 Rxe6 27. Qxe6 Kg7 28. Ne5 Bxe5 29. dxe5 fxg3 30. hxg3 Qc6 31. Qd6 Rd7 32. Qxc6 Bxc6 33. f4 gxf4 34. gxf4 d4 35. Rd1 Be4 36. e6 Re7 37. Rxd4 Rxe6 38. Kf2 Kf6 39. g4 Bc2 40. Kf3 Bb3 41. Rd8 Bc4 42. Rb8 Re1 43. Rb6+ Kg7 44. c6 Bd5+ 45. Kf2 Rc1 46. Rxb5 Bxc6 47. Ra5 Rc3 48. b5 Bxb5 49. Rxb5 Rxa3 50. Ra5 Ra1 51. Ke3 a3 52. Ke4 Re1+ 53. Kf5 Re3 54. Ra7+ Kf8 55. Kf6 Ke8 56. f5 Rg3 57. Kg6 Rxg4+ 58. Kxh6 Rg3 59. f6 a2 60. Rxa2 Kf7 61. Rf2 1/2-1/2

[Event "Las Palmas Montalvo Memorial 10th"]
[Site "Las Palmas"]
[Date "2017.04.08"]
[Round "1"]
[White "Grube, Kurt Heinz"]
[Black "Movsziszian, Karen"]
[Result "0-1"]
[WhiteElo "1712"]
[BlackElo "2483"]
[PlyCount "68"]
[EventDate "2017.04.08"]
[EventType "swiss"]
[EventRounds "9"]
[EventCountry "ESP"]
[SourceTitle "CBM 177 Extra"]
[Source "ChessBase"]
[SourceDate "2017.04.27"]
[SourceVersion "1"]
[SourceVersionDate "2017.04.27"]
[SourceQuality "1"]

1. c4 g6 2. Nc3 Bg7 3. Nf3 d6 4. d4 Nd7 5. g3 e5 6. Bg2 Ngf6 7. 0-0 0-0 8. Re1 c6 9. dxe5 dxe5 10. Qc2 Qe7 11. e4 Nc5 12. b4 Ne6 13. Rb1 Re8 14. a3 Nd4 15. Nxd4 exd4 16. Na4 Be6 17. Nc5 Rad8 18. Nd3 Nd7 19. c5 Ne5 20. f4 Nxd3 21. Qxd3 b6 22. cxb6 axb6 23. Bd2 c5 24. bxc5 bxc5 25. Qb5 Qa7 26. Rbc1 c4 27. Bb4 d3+ 28. Kh1 Rb8 29. Qa5 Qxa5 30. Bxa5 Bb2 31. Rcd1 c3 32. Rxd3 c2 33. Bd2 Red8 34. Bf1 Bc4 0-1

[Event "Las Palmas Montalvo Memorial 09th"]
[Site "Las Palmas"]
[Date "2016.03.22"]
[Round "2"]
[White "Grube, Kurt Heinz"]
[Black "Vega Gutierrez, Belinda Vidina"]
[Result "0-1"]
[WhiteElo "1747"]
[BlackElo "2182"]
[PlyCount "68"]
[EventDate "2016.03.21"]
[EventType "swiss"]
[EventRounds "9"]
[EventCountry "ESP"]
[SourceTitle "EXT 2018"]
[Source "ChessBase"]
[SourceDate "2017.10.13"]
[SourceVersion "1"]
[SourceVersionDate "2017.10.13"]
[SourceQuality "1"]

1. c4 Nf6 2. Nc3 c6 3. d4 d5 4. e3 e6 5. Nf3 Nbd7 6. cxd5 exd5 7. Be2 Bb4 8. 0-0 0-0 9. a3 Bxc3 10. bxc3 Ne4 11. Qc2 Ndf6 12. c4 Bf5 13. Nh4 Be6 14. Nf3 Rc8 15. Ne5 c5 16. Bd3 cxd4 17. exd4 dxc4 18. Bxe4 Qxd4 19. Bxb7 Qxa1 20. Bb2 Qa2 21. Bxc8 Rxc8 22. Ra1 Qb3 23. Rc1 Qb8 24. Bc3 Nd5 25. Nf3 Qb3 26. Bd4 Qxa3 27. Ra1 Qb3 28. Qe4 h6 29. Qe5 Nf6 30. Rxa7 c3 31. Ra1 c2 32. Be3 Ng4 33. Qd4 Nxe3 34. Qxe3 Qxe3 0-1

[Event "Gran Canaria Santana Memorial 4th"]
[Site "Gran Canaria"]
[Date "2015.12.11"]
[Round "9"]
[White "Grube, Kurt Heinz"]
[Black "Julien Casteleiro, Ariel"]
[Result "1/2-1/2"]
[WhiteElo "1753"]
[BlackElo "1598"]
[PlyCount "72"]
[EventDate "2015.11.20"]
[EventType "swiss"]
[EventRounds "9"]
[EventCountry "ESP"]
[SourceTitle "EXT 2017"]
[Source "ChessBase"]
[SourceDate "2016.10.25"]
[SourceVersion "1"]
[SourceVersionDate "2016.10.25"]
[SourceQuality "1"]

1. c4 d6 2. Nf3 Nf6 3. g3 g6 4. Bg2 Bg7 5. 0-0 e5 6. Nc3 0-0 7. Rb1 Nh5 8. d4 Nc6 9. d5 Ne7 10. e4 f5 11. exf5 Bxf5 12. Ra1 Qd7 13. Bg5 Rf7 14. Qd2 Bh3 15. Nh4 Bxg2 16. Nxg2 a6 17. Ne4 Qg4 18. f4 Kh8 19. Ne3 Qd7 20. fxe5 Rxf1+ 21. Rxf1 Bxe5 22. Rf7 Re8 23. Qf2 Bg7 24. g4 h6 25. Nf6 Qc8 26. Nxe8 hxg5 27. Rxg7 Nf4 28. Rxe7 Nh3+ 29. Kg2 Nxf2 30. Kxf2 Qd8 31. Re6 Kh7 32. Nc2 c5 33. Na3 Qb6 34. Re2 Qd8 35. Re6 Qb6 36. Re2 Qd8 1/2-1/2

[Event "Las Palmas Insular-chT Pref-B"]
[Site "Las Palmas"]
[Date "2014.12.13"]
[Round "2.3"]
[White "Grube, Kurt Heinz"]
[Black "Sanchez Ramirez, Gustavo"]
[Result "0-1"]
[WhiteElo "1840"]
[BlackElo "1620"]
[PlyCount "104"]
[EventDate "2014.11.22"]
[EventType "team-tourn"]
[EventRounds "14"]
[EventCountry "ESP"]
[SourceTitle "EXT 2016"]
[Source "ChessBase"]
[SourceDate "2015.10.08"]
[SourceVersion "1"]
[SourceVersionDate "2015.10.08"]
[SourceQuality "1"]
[WhiteTeam "El Patio Casa Museo"]
[BlackTeam "La Caja de Vecindario II"]
[WhiteTeamCountry "ESP"]
[BlackTeamCountry "ESP"]

1. c4 c5 2. Nc3 Nc6 3. Nf3 Nf6 4. g3 e6 5. Bg2 d5 6. cxd5 exd5 7. d4 cxd4 8. Nxd4 Bc5 9. Nxc6 bxc6 10. 0-0 0-0 11. a3 Rb8 12. Qc2 Bb6 13. Na4 Be6 14. Nc5 Bxc5 15. Qxc5 Qb6 16. Qxb6 axb6 17. Bf4 Rbc8 18. Rac1 c5 19. h3 Rfd8 20. g4 d4 21. Bb7 Nd5 22. Bg3 h5 23. Bxc8 Rxc8 24. f3 f5 25. gxf5 Bxf5 26. Kh2 Re8 27. Rf2 Re3 28. Rd1 Rb3 29. Rd2 Ne3 30. Bf4 Nc4 31. Rd1 Rxb2 32. Rg2 g6 33. Bc1 Rb3 34. a4 Kf7 35. Rg3 Rb4 36. f4 Rxa4 37. Re1 b5 38. e4 dxe3 39. Bxe3 Nxe3 40. Rgxe3 Rxf4 41. Ra3 b4 42. Ra7+ Kf6 43. Kg3 Rd4 44. Ra6+ Kg5 45. Re5 c4 46. Rc5 c3 47. Ra2 b3 48. Ra3 b2 49. Rb3 Rd3+ 50. Kf2 Rxh3 51. Kg2 Rd3 52. Kf2 Rd1 0-1